| 000 | 01302nam a2200193Ia 4500 | ||
|---|---|---|---|
| 003 | Ost | ||
| 005 | 20260507075736.0 | ||
| 008 | 260507s9999||||xx |||||||||||||| ||und|| | ||
| 040 | _cfsecg | ||
| 041 | _aara | ||
| 082 | _a327.1 | ||
| 100 |
_aمسعد، محي محمد _eمؤلف |
||
| 245 | 0 |
_aظاهرة العولمة : _bالأوهام والحقائق / _c محي محمد مسعد |
|
| 260 |
_aالاسكندرية: _bدار المطبوعات الجامعية, _c2004 |
||
| 300 |
_a163 صفحة؛ _c24 سم |
||
| 520 | _aمفاهيم ومرتكزات أساسية،جغرافيا اقتصاد المعلومات،ثورة المعلومات ونتائجها المجتمعية،دولنة الإقتصاد والوطنية الإقتصادية،دور الشركات متعددة الجنسية في ظاهرة العولمة،دور التطور التكنولوجي في ظاهرة العولمة،دور الوطنية الإقتصادية في عصر العولمة،الثقافة الكونية والخصوصية الثقافية،تاريخ الأفكار الإنسانية،الحوارات الفكرية حول الهوية الثقافية،عالمية الاسلام كدعامة أساسية للثقافة الإنسانية | ||
| 653 | _aالعولمة | ||
| 942 | _cكتاب | ||
| 999 |
_c46091 _d46091 |
||